<?xml version='1.0' encoding='UTF-8'?>
  <record xmlns="http://www.loc.gov/MARC21/slim">
    <leader>00000cam a22000007i 4500</leader>
    <controlfield tag="001">ocm68090641</controlfield>
    <controlfield tag="003">OCoLC</controlfield>
    <controlfield tag="005">20250803042810.7</controlfield>
    <controlfield tag="008">980225s1499    ne            000 0 lat d</controlfield>
    <datafield tag="040" ind1=" " ind2=" ">
      <subfield code="a">NLGGC</subfield>
      <subfield code="b">dut</subfield>
      <subfield code="e">fobidrtb</subfield>
      <subfield code="c">NLGGC</subfield>
      <subfield code="d">QGJ</subfield>
      <subfield code="d">OCLCA</subfield>
      <subfield code="d">OCLCL</subfield>
      <subfield code="d">OCLCQ</subfield>
    </datafield>
    <datafield tag="029" ind1="0" ind2=" ">
      <subfield code="a">NLGGC</subfield>
      <subfield code="b">166956732</subfield>
    </datafield>
    <datafield tag="035" ind1=" " ind2=" ">
      <subfield code="a">(OCoLC)68090641</subfield>
    </datafield>
    <datafield tag="100" ind1="1" ind2=" ">
      <subfield code="a">Mancinus, Dominicus,</subfield>
      <subfield code="d">fl. 1478-1491.</subfield>
      <subfield code="1">https://id.oclc.org/worldcat/entity/E39PBJcC3K9vT7T8QjggtFmrv3</subfield>
    </datafield>
    <datafield tag="245" ind1="1" ind2="0">
      <subfield code="a">Carmen de passione Christi.</subfield>
    </datafield>
    <datafield tag="246" ind1="3" ind2=" ">
      <subfield code="a">Dominici Mancini De passione Domini Nostri Jesu Christi liber</subfield>
    </datafield>
    <datafield tag="260" ind1=" " ind2=" ">
      <subfield code="a">Deventer :</subfield>
      <subfield code="b">Richardus Pafraet,</subfield>
      <subfield code="c">[1499]</subfield>
    </datafield>
    <datafield tag="300" ind1=" " ind2=" ">
      <subfield code="c">in-4.</subfield>
    </datafield>
    <datafield tag="336" ind1=" " ind2=" ">
      <subfield code="a">tekst</subfield>
      <subfield code="b">txt</subfield>
      <subfield code="2">rdacontent/dut</subfield>
    </datafield>
    <datafield tag="337" ind1=" " ind2=" ">
      <subfield code="a">zonder medium</subfield>
      <subfield code="b">n</subfield>
      <subfield code="2">rdamedia/dut</subfield>
    </datafield>
    <datafield tag="338" ind1=" " ind2=" ">
      <subfield code="a">band</subfield>
      <subfield code="b">nc</subfield>
      <subfield code="2">rdacarrier/dut</subfield>
    </datafield>
    <datafield tag="500" ind1=" " ind2=" ">
      <subfield code="a">De afbeeldingen op de CD-ROM 'Illustrated ISTC' zijn afkomstig uit signatuur: KBH 227 E 41.</subfield>
    </datafield>
    <datafield tag="500" ind1=" " ind2=" ">
      <subfield code="a">Gedateerd op basis van papieronderzoek (WILC).</subfield>
    </datafield>
    <datafield tag="500" ind1=" " ind2=" ">
      <subfield code="a">Campbell dateert dit werk rond 1492. Nijhoff &amp; Kronenberg dateren rond 1510, en HPT tussen 21 juni 1491 en 25 jan. 1492.</subfield>
    </datafield>
    <datafield tag="500" ind1=" " ind2=" ">
      <subfield code="a">Katernsignering: A:8 B:4 C:8.</subfield>
    </datafield>
    <datafield tag="500" ind1=" " ind2=" ">
      <subfield code="a">Colofon: Exaratum Daventrie per Richardum Paffraed quod magis recognitum ceteris jampridem impressis.</subfield>
    </datafield>
    <datafield tag="510" ind1="0" ind2=" ">
      <subfield code="a">Goff M154; HC 10638; Camp 1193 = 1195?; ILC 1522; Nijhoff &amp; Kronenberg 1479; IDL 3059; Walsh 3888; Bod-inc M-049; Pr 9044; GW M2037816; Holtrop BRH I 303a</subfield>
    </datafield>
    <datafield tag="710" ind1="0" ind2=" ">
      <subfield code="a">Pafraet, Richardus (I, Deventer)</subfield>
      <subfield code="4">prt</subfield>
      <subfield code="0">(NL-LeOCL)107877279</subfield>
    </datafield>
    <datafield tag="758" ind1=" " ind2=" ">
      <subfield code="a">Carmen de passione Christi (Text)</subfield>
      <subfield code="1">https://id.oclc.org/worldcat/entity/E39PCFxjYHXV4WdMchdyWFvkcP</subfield>
      <subfield code="4">https://id.oclc.org/worldcat/ontology/hasWork</subfield>
    </datafield>
    <datafield tag="776" ind1="0" ind2=" ">
      <subfield code="t">Carmen de passione Christi</subfield>
      <subfield code="w">(NL-LeOCL)377558621</subfield>
    </datafield>
    <datafield tag="856" ind1="4" ind2="2">
      <subfield code="y">Incunabula Short Title Catalogue</subfield>
      <subfield code="q">html</subfield>
      <subfield code="u">http://lijsten.kb.nl/oplossing.htm?bron=ISTC&amp;no=im00154000</subfield>
      <subfield code="z">zie de beschrijving bij de ISTC voor volledige bibliografische verwijzingen en vindplaatsen wereldwijd</subfield>
    </datafield>
    <datafield tag="936" ind1=" " ind2=" ">
      <subfield code="a">BATCHLOAD</subfield>
    </datafield>
  </record>